Réponses en A - Statistiques

Statistiques générales
  • Ce quiz a été pris 323 fois
  • Le résultat moyen est 7 sur 15
Statistiques - réponses
Indice Réponse % Correct
Déesse grecque de l'amour de la fertilité Aphrodite
76%
Berceau de la démocratie Athènes
74%
Série de jeux-vidéos développée par Nintendo dans laquelle le joueur emménage dans un village habité par des animaux Animal Crossing
71%
Créatrice de Hercule Poirot Agatha Christie
68%
Groupe de hard-rock australien constitué par les frères écossais Angus et Malcolm Young AC/DC
59%
"Disponible" en anglais Available
51%
Ville où se trouve l'aéroport le plus fréquenté au monde Atlanta
48%
Capitale du Kazakhstan Astana
45%
Galaxie la plus proche de la Voie Lactée Andromède
40%
Film de Francis Ford Coppola qui a pour thème principal la Guerre du Viet Nâm Apocalypse Now
37%
Royaume des dieux Ases dans la mythologie nordique Asgard
33%
Chaîne de montagnes située dans l'Est de l'Amérique du Nord Appalaches
28%
Sommet de la Turquie Ararat
15%
Déssert italien à base de café et de glace à la vanille Affogato
6%
Ancien instrument de calcul utilisé par plusieurs cultures Abaque
4%
Aucun quiz correspondant
Distribution des résultats
% des personnes avec chaque résultat
Percentile par nombre de réponses
Votre historique - résultats
Vous n’avez pas pris ce quiz